000 00431nam a2200181Ia 4500
001 11712
003 GE_BSU
008 181216s||||||||xx |||||||||||||| ||und||
040 _cGE_BSU
245 _aLe Point №2190. 4 septembre 2014.
245 _b№2190.
260 _aParis
260 _c2014
300 _a98p.27cm.
653 _aLe Point. №2190. 4 septembre 2014.
653 _aპერიოდიკა
942 _cCR
999 _c44894
_d44894